| 000 | 00816nam a22002537a 4500 | ||
|---|---|---|---|
| 001 | 000473 | ||
| 003 | DO-SdBNP | ||
| 005 | 20171113112735.0 | ||
| 007 | 000473 | ||
| 008 | 160905b 2004 ag ||||| |||| 00| 0 spa d | ||
| 020 | _a9870400116 | ||
| 040 |
_aBPMSU _bspa _cBPMSU |
||
| 082 | 4 |
_a658.4092 _bM342e |
|
| 100 | 1 | _aMariscal, Enrique | |
| 245 |
_aEl espíritu del león : _bcuentos sobre el liderazgo en la selva de los negocios / _cEnrique Mariscal. |
||
| 260 |
_aBuenos Aires : _bAguilar, _c2004. |
||
| 300 |
_a175 p. ; _c22 cm. |
||
| 500 | _aIncluye datos biográficos del autor en la solapa de la cubierta. | ||
| 650 | 4 | _aLIDERAZGO | |
| 910 | _aValidado. Control de calidad MFF | ||
| 942 |
_2ddc _cBK |
||
| 945 | _aInventariado extrajenro / 2017 VM | ||
| 956 |
_2LOPEREZ _310 _620160905 _8BPMSU _a00041 |
||
| 999 |
_c11316 _d11316 |
||